=LDR 00000nam 2200000 4500 =001 INLIS000000000809764 =008 ###################################ind## =035 ##$$a 0010-0825000257 =245 ##$$a Tersambung Internet / $c Riushel =260 ##$$b Pakar Raya =020 ##$$a 979869667 =084 ##$$a 523.2 HEL t =520 ##$$a Penyebaran (transmisi bunyi) =082 ##$$a 523.2